| 000 | 00542nam a22001577a 4500 | ||
|---|---|---|---|
| 003 | OSt | ||
| 005 | 20151211142104.0 | ||
| 008 | 151211b xxu||||| |||| 00| 0 eng d | ||
| 040 | _cRUA | ||
| 082 | _aATM.s KIM 2004 B200 Or.1 | ||
| 100 |
_94707 _aKIM, SARITH. |
||
| 245 | _aThe cartch by cast net in takeo province, ការធ្វើនេសាទដោយសំណាញ់ក្នុងដែននេសាទខេត្តតាកែវ | ||
| 260 |
_a Phnom Penh _bRUA _c2004 |
||
| 300 |
_aix; 39p. _bill. _c29cm. |
||
| 942 |
_2ddc _cATMSP |
||
| 999 |
_c4388 _d4388 |
||